000 00565nam a2200217 a 4500
999 _c5415
_d5415
001 5415
003 BD-JhCC
005 20171221101857.0
008 171213s1976 i |||| ||a| 000 0 eng d
035 _a(BD-JhCC) 5415
040 _aBD-JhCC
_dBD-JhCC
041 _aeng
082 _a651.3
_bTAN 1976
100 _aTandon, B.N.
245 _aManual of office management and correspondence /
_cB.N.Tandon
260 _aIndia :
_bS.CHAND & COMPANY LTD ,
_c1976
300 _a388 p .:
_c22 cm .
650 _aOffice Managment
942 _2ddc
_cBK